<?xml version="1.0" encoding="UTF-8"?>
<collection xmlns="http://www.loc.gov/MARC21/slim">
 <record>
  <leader>     na                 </leader>
  <controlfield tag="001">INLIS000000000014720</controlfield>
  <controlfield tag="005">20250728100620</controlfield>
  <datafield tag="035" ind1=" " ind2=" ">
   <subfield code="a">0010-0725000006</subfield>
  </datafield>
  <datafield tag="245" ind1="1" ind2=" ">
   <subfield code="a">Filsafat :</subfield>
   <subfield code="b">Sebagai akar ilmu komunikasi /</subfield>
   <subfield code="c">Prof. Dr. Nina W. Syam, M.S.</subfield>
  </datafield>
  <datafield tag="100" ind1="0" ind2=" ">
   <subfield code="a">Nina W. Syam</subfield>
  </datafield>
  <datafield tag="300" ind1=" " ind2=" ">
   <subfield code="a">x, 260 hlm.; 24 cm.</subfield>
  </datafield>
  <datafield tag="700" ind1="0" ind2=" ">
   <subfield code="a">Rema Karyanti Soenendar (Penyunting)</subfield>
  </datafield>
  <datafield tag="260" ind1=" " ind2=" ">
   <subfield code="a">Bandung :</subfield>
   <subfield code="b">Simbiosa Rekatama Media,</subfield>
   <subfield code="c">2010</subfield>
  </datafield>
  <datafield tag="082" ind1=" " ind2=" ">
   <subfield code="a">302.2</subfield>
  </datafield>
  <datafield tag="084" ind1=" " ind2=" ">
   <subfield code="a">302.2 NIN f</subfield>
  </datafield>
  <datafield tag="020" ind1=" " ind2=" ">
   <subfield code="a">978-979-3782-65-2</subfield>
  </datafield>
  <datafield tag="650" ind1=" " ind2=" ">
   <subfield code="a">Filsafat dan komunikasi</subfield>
  </datafield>
  <datafield tag="520" ind1=" " ind2=" ">
   <subfield code="a">Filsafat sebagai Akar llmu Komunikasi merupakan ide baru penulis yang bemaksud mengintegrasikan ilmu-ilmu yang multidisiplin ke dalam suatu kajian yang dapat memperkaya dan memperluas pengetahuan serta wawasan keilmuan tersebut, yakni komunkasí. Di sini lmu komunikasi dapat dikaji dari berbagai kacamata keilmuan, yakni sosial, eksakta, bahkan humaniora.&#13;
&#13;
Filsafat adalah akar ilmu sekaligus landasan ilmíah imu kormunikasi karena filsafat merupakan induknya ilmu-lmu (mother of science) yang ada di dunia ini. Penulis menyebutnya dengan land of science dalam analogi perspektif “Pohon Komunikasi”. Di sini, cabang utama filsafat, yaitu metafisika umum (ontolog) dan metafisika khusus (teologi, psikologi, antropologi, dan kosmolog), episte- mologi, serta aksiologi memegang peranan penting untuk penjabaran dan penerapannya. Ditamtbah dengan kajan filsafat dari segi kefilsafatannya, seperti logika, etika, dan estetika.&#13;
&#13;
Buku ini merupakan buah pemikiran penulisnya selama bertahun-tahun memberi kuliah dalam bidang ilmu komunikasi di Universitas Padjadjaran, khususnya mata kuliah Landasan lImiah Komunikasi untuk program S2 dan S3. Ini menjadi suatu kesempatan yang berharga bagi penulisnya untuk terus mengeksplorasi ilmu agar tidak tertinggal oleh kemajuan zaman atau dengan kata laín mengikuti arus perubahan yang dinamis untuk menemukan penyesuaian (adjustmernt). Semangat itu pula yang ingin penulis tularkan kepada pembaca, terutarna mahasiswa ilmu komunikasi, dengan memberi stimulus untuk terus mengkaji ilmu-ilmu secara holistik (tidak parsial) untuk menumbuhkan pola pikir yang filsafatis serta agamais.</subfield>
  </datafield>
  <controlfield tag="008">250728                e          0 ind  </controlfield>
  <datafield tag="990" ind1=" " ind2=" ">
   <subfield code="a">025.3744/PC/25</subfield>
  </datafield>
  <datafield tag="990" ind1=" " ind2=" ">
   <subfield code="a">025.3745/PC/25</subfield>
  </datafield>
  <datafield tag="990" ind1=" " ind2=" ">
   <subfield code="a">025.3746/PC/25</subfield>
  </datafield>
  <datafield tag="990" ind1=" " ind2=" ">
   <subfield code="a">025.3746/PC/25</subfield>
  </datafield>
  <datafield tag="990" ind1=" " ind2=" ">
   <subfield code="a">025.3744/PC/25</subfield>
  </datafield>
  <datafield tag="990" ind1=" " ind2=" ">
   <subfield code="a">025.3745/PC/25</subfield>
  </datafield>
  <datafield tag="990" ind1=" " ind2=" ">
   <subfield code="a">025.3745/PC/25</subfield>
  </datafield>
  <datafield tag="990" ind1=" " ind2=" ">
   <subfield code="a">025.3744/PC/25</subfield>
  </datafield>
  <datafield tag="990" ind1=" " ind2=" ">
   <subfield code="a">025.3746/PC/25</subfield>
  </datafield>
  <datafield tag="990" ind1=" " ind2=" ">
   <subfield code="a">025.3744/PC/25</subfield>
  </datafield>
  <datafield tag="990" ind1=" " ind2=" ">
   <subfield code="a">025.3745/PC/25</subfield>
  </datafield>
  <datafield tag="990" ind1=" " ind2=" ">
   <subfield code="a">025.3746/PC/25</subfield>
  </datafield>
 </record>
</collection>
